Statistics for DALLY M WINNERS 2000 - PRESENT

Click here to take the quiz!

General Stats

  • This quiz has been taken 3 times
  • The average score is 17 of 23

Answer Stats

YEARDALLY M AWARD WINNERTEAM% Correct
2002Andrew JohnsNewcastle Knights
100%
2006Cameron SmithMelbourne Storm
100%
2017Cameron SmithMelbourne Storm
100%
2013Cooper CronkMelbourne Storm
100%
2016Cooper CronkMelbourne Storm
100%
2009Jarryd HayneParramatta Eels
100%
2014Jarryd HayneParramatta Eels
100%
2005Johnathan ThurstonNorth Queensland Cowboys
100%
2007Johnathan ThurstonNorth Queensland Cowboys
100%
2015Johnathan ThurstonNorth Queensland Cowboys
100%
2014Johnathan ThurstonNorth Queensland Cowboys
100%
2012Ben BarbaCanterbury-Bankstown Bulldogs
67%
2011Billy SlaterMelbourne Storm
67%
2004Danny BuderusNewcastle Knights
67%
2020Jack WightonCanberra Raiders
67%
2019James TedescoSydney Roosters
67%
2008Matt OrfordManly Warringah Sea Eagles
67%
2010Todd CarneySydney Roosters
67%
2016Jason TaumaloloNorth Queensland Cowboys
33%
2018Roger Tuivasa-SheckNew Zealand Warriors
33%
2021Tom TrbojevicManly Warringah Sea Eagles
33%
2001Preston CampbellCronulla-Sutherland Sharks
0%
2000Trent BarrettSt George Illawarra Dragons
0%

Score Distribution

Percentile by Number Answered

Percent of People with Each Score

Your Score History

You have not taken this quiz